000 00383nam a22001577a 4500
003 SGT
020 _a9789383635610
082 _a615.4
_bC23A
100 _aADEPU, RAMESH
245 _aCOMMUNITY PHARMACY PRACTICE
260 _aHYDERABAD
_bPHARMA MADE PRESS
_c2023
300 _a221
650 _aCOMMUNITY PHARMACY
653 _aCOMMUNITY, PHARMACY, PRACTICE
942 _2ddc
_cBK
_055
999 _c24861
_d24861